Indian International Airports - Statistics

General Stats
  • This quiz has been taken 97 times
  • The average score is 23 of 40
Answer Stats
Code City Served % Correct
DEL Delhi
99%
HYD Hyderabad
95%
BOM Mumbai
95%
MAA Chennai
93%
AMD Ahmedabad
92%
BLR Bengaluru
92%
JAI Jaipur
86%
CCU Kolkata
86%
PNQ Pune
81%
GOI Dabolim
77%
COK Kochi
77%
GOX Mopa
76%
NAG Nagpur
74%
LKO Lucknow
73%
ATQ Amritsar
69%
IDR Indore
69%
TRV Thiruvananthapuram
68%
VTZ Visakhapatnam
65%
STV Surat
61%
VNS Varanasi
59%
CJB Coimbatore
58%
GAU Guwahati
55%
CCJ Kozhikode
49%
IMF Imphal
46%
GAY Gaya
45%
VGA Vijayawada
43%
IXM Madurai
41%
TRZ Tiruchirapalli
39%
BDQ Vadodara
39%
IXZ Port Blair
38%
AYJ Ayodhya
36%
IXE Mangaluru
36%
BBI Bhubaneshwar
34%
TIR Tirupati
34%
IXB Siliguri
31%
CNN Kannur
30%
HSR Rajkot
30%
ISK Nashik
23%
SAG Shirdi
18%
KBK Kushinagar
7%
No matching quizzes found
Score Distribution
Percent of People with Each Score
Percentile by Number Answered
Your Score History
You have not taken this quiz